000 00362nam a2200145Ia 4500
008 240624s9999 xx 000 0 und d
041 _aeng
082 _a658.3 RIL
100 _aRILEY PIPPA
245 _aHUMAN RESOURCE DEVELOPMENT AND EMPLOYEE
250 _a11
260 _c2011
_aNew Delhi
_bViva Books
300 _a180 : p. : cm. ; 24
365 _cRS
_b33.5
999 _c17911
_d17911